LEADER 01285nam2-2200385li-450 001 990000240350203316 005 20180312154749.0 010 $a981-02-1317-4 035 $a0024035 035 $aUSA010024035 035 $a(ALEPH)000024035USA01 035 $a0024035 100 $a20001109d1993----km-y0itay0103----ba 101 0 $aeng 102 $aSG 200 1 $aQuantum mechanical irreversibilityand measurement$fP. Grigolini 210 $aSIngapore [etc.]$cWorld Scientific$dcopyr. 1993 215 $aXIV, 406 p.$cill.$d22 cm 225 2 $aWorld scientific series in contemporary chemical physics$v3 410 0$10010024033$12001$aWorld scientific series in contemporary chemical physics 610 1 $ameccanica quantistica 610 1 $amisurazioni 676 $a53012$9Meccanica quantistica (Teoria dei quanti) 700 1$aGrigolini,$bP.$0348197 801 $aSistema bibliotecario di Ateneo dell' Università di Salerno$gRICA 912 $a990000240350203316 951 $a530.12 GRI$b0016145 959 $aBK 969 $aSCI 979 $c19941010 979 $c20001110$lUSA01$h1715 979 $c20020403$lUSA01$h1632 979 $aPATRY$b90$c20040406$lUSA01$h1617 996 $aQuantum mechanical irreversibilityand measurement$91492456 997 $aUNISA